| 000 | 00810cab a2200241 4500 | ||
|---|---|---|---|
| 001 | ABS44360 | ||
| 008 | 090401t1991 xxu||||| |||| 00| 0 eng d | ||
| 035 | _a(Sirsi) u46760 | ||
| 041 | _aeng | ||
| 100 | _aCottam, G. | ||
| 245 | _aReading rules on the management contracts minefield | ||
| 260 | _c1991 | ||
| 350 | _a0 | ||
| 490 |
_aConstruction News _v(6709) 11 April 1991, 6 (1) |
||
| 520 | _aIn the light of Reading University`s report, Construction Management Forum , compares management contracting and construction management . | ||
| 650 | _aBPF ACE CONDITIONS OF ENGAGEMENT FOR CONSULTANTS | ||
| 650 | _aCOMPARISON | ||
| 650 | _aJCT MANAGEMENT CONTRACT 1987 | ||
| 650 | _aUNIVERSITY OF READING | ||
| 690 | _aBUILT ENVIRONMENT-BUILDING CONTRACT FORMS | ||
| 942 | _n0 | ||
| 948 | _c04/03/1997 | ||
| 999 |
_c29547 _d29547 |
||